000 00368nam a22001451a 4500
999 _c36476
_d36476
082 _aM3
_bRAD/P
100 _aRadhakrishnan C
245 _aPullippulikalum vellinakshathrangalum/
_cby Radhakrishnan C
260 _aKochi:
_bHigh Tech,
_c1995.
300 _a468p.
650 _aNovel Malayalam
650 _aLiterature Malayalam
650 _aLiterature
942 _cBK